00356pab a2200133 454500008004000000100002200040245005900062260000900121300001300130362001000143650002600153650000900179773003400188180718b2010 xxu||||| |||| 00| 0 eng d aNayak, Arun Kumar aBig dams and protests in India: a study of Hirakud dam c2010 ap.69-73. a9 Jan aDams - India - Orissa aDams aEconomic and Political Weekly